000 00837nam a2200241Ia 4500
003 IN-BaIIA
008 211028s9999 xx s 000 0 eng d
020 _a978-3-642-35364-2 (Print)
020 _a978-3-642-35365-9 (Online)
022 _a0081-3869 (Print)
022 _a1615-0430 (Online)
040 _cIIA Library
100 _aKontani, Hiroshi
_939734
245 0 _aTransport Phenomena in Strongly Correlated Fermi Liquids
_h[eBook]
260 _aHeidelberg, Berlin
_bSpringer Berlin Heidelberg
_c2013
300 _aOnline resource
490 _aSpringer Tracts in Modern Physics
650 _a Condensed Matter Physics
_911089
650 _a Strongly Correlated Systems, Superconductivity
_938436
650 _aPhysics
_973
856 _uhttp://doi.org/10.1007/978-3-642-35365-9
_yClick Here to Access eBook
942 _cEB
999 _c21496
_d21496